| 000 | 00995cam a2200325ui 4500 | ||
|---|---|---|---|
| 999 |
_c200431531 _d49743 |
||
| 001 | 200431531 | ||
| 003 | TR-AnTOB | ||
| 005 | 20220718135239.0 | ||
| 007 | ta | ||
| 008 | 730202s1950 nyua e b 000 0 eng | ||
| 010 | _a 50008166 | ||
| 035 | _a(OCoLC)551200 | ||
| 040 |
_aDLC _beng _erda _cOKentU _dOCoLC _dTxU _dDLC _dTR-AnTOB |
||
| 041 | 0 | _aeng | |
| 050 | 0 | 4 |
_aTS1109 _b.S64 1950 |
| 090 |
_aTS1109 _b.S64 1950 |
||
| 245 | 0 | 0 |
_aSpecialty papers : _btheir properties and applications / _cprepared by a staff of specialists under the editorship of Robert H. Mosher. |
| 264 | 1 |
_aBrooklyn : _bRemsen Press, _c1950. |
|
| 300 |
_axvii, 520 pages : _billustrations ; _c23 cm |
||
| 336 |
_atext _btxt _2rdacontent |
||
| 337 |
_aunmediated _bn _2rdamedia |
||
| 338 |
_avolume _bnc _2rdacarrier |
||
| 504 | _aBIB | ||
| 650 | 0 |
_aPaper _9137696 |
|
| 650 | 0 |
_aPapermaking _9128538 |
|
| 700 | 1 |
_aMosher, Robert H. _eeditor _9122731 |
|
| 942 |
_2lcc _cBK |
||